000 01877nam a22003617a 4500
003 OSt
005 20230424093042.0
008 221006b |||||||| |||| 00| 0 eng d
040 _cBiblioteca Lado V
082 _a792.05
_bG143e
100 _9812
_aGainza, Gaston
_eeditor
245 _aEscena/
_bRevista de las Artes/
260 _bUniversidad de Costa Rica
_bVicerrectoria de acción social
_c2006
_aCosta Rica
300 _c21x28cm
_a111p.
490 _v2006
_v29
_x1409 2522
_a59
505 _tEditorial
505 _tArtes Visuales
_aSin Retorno: Formas artísticas de la experiencia turística
505 _tMuralismo Mexicano
_aArte Publico, Identidad, memoria colectiva La huella gráfica de Juanita Segundo Sanchez
505 _tLiteratura
_aEl Pájaro Azul de Ruben Dario y the bluebird de Charles Bukowski
505 _tMusica
_aLo que se baila en Costa Rica: El Bolero Una Aproximación al personaje
505 _tSeccion Rescate
_aLa fotografía de la Ciudad de San Jose
505 _tTeatro
_aLa redención de Breda: Variaciones sobre un tema histórico El sitio de Breda en Calderon de la Barca El Juego del Anima y el animus El discurso teatral de Rodolfo Usigli Miguel Rojas: Fragmentos de un hombre creador y los nublados del día
650 _2Tesauro de Arte & Arquitectura
_aARTE
_9703
650 _2Tesauro de Arte & Arquitectura
_aHISTORIA
650 _2Tesauro de Arte & Arquitectura
_aARTE COSTARRICENSE
650 _2Tesauro de Arte & Arquitectura
_aCULTURA
650 _2Tesauro de Arte & Arquitectura
_aARTE LATINOAMERICANO
650 _2Tesauro de Arte & Arquitectura
_aTEORIA
650 _2Tesauro de Arte & Arquitectura
_aCRITICA
650 _2Tesauro de Arte & Arquitectura
_aTEATRO
650 _2Tesauro de Arte & Arquitectura
_aCOSTA RICA
942 _2ddc
_c1
_h792.05
_iG143e
_n0
999 _c3451
_d3451